<?xml version="1.0" encoding="UTF-8"?>
<record
    xmlns:xsi="http://www.w3.org/2001/XMLSchema-instance"
    xsi:schemaLocation="http://www.loc.gov/MARC21/slim http://www.loc.gov/standards/marcxml/schema/MARC21slim.xsd"
    xmlns="http://www.loc.gov/MARC21/slim">

  <leader>00729nam a2200205 a 4500</leader>
  <controlfield tag="001">1159</controlfield>
  <controlfield tag="003">CDMR</controlfield>
  <controlfield tag="005">20131003181039.0</controlfield>
  <controlfield tag="008">130130s1986||||||||||||||||||||||||||||d</controlfield>
  <datafield tag="040" ind1=" " ind2=" ">
    <subfield code="a">CDMR</subfield>
    <subfield code="b">cat</subfield>
    <subfield code="c">CDMR</subfield>
  </datafield>
  <datafield tag="100" ind1="1" ind2=" ">
    <subfield code="a">Farre Camps, Francesc Xavier</subfield>
    <subfield code="9">908</subfield>
  </datafield>
  <datafield tag="245" ind1="1" ind2="0">
    <subfield code="a">Emissores Municipals de Catalunya</subfield>
    <subfield code="b">: un fen&#xF2;men de la comunicaci&#xF3; local</subfield>
    <subfield code="c">Francesc Xavier Farr&#xE9; Camps, Josefina Escart&#xED;n Durb&#xE1;n, Adolf Casado Latorre</subfield>
  </datafield>
  <datafield tag="260" ind1=" " ind2=" ">
    <subfield code="a">Hospitalet de Llobregat</subfield>
    <subfield code="c">1986</subfield>
    <subfield code="b">Patronat Municipal de Comunicaci&#xF3;</subfield>
  </datafield>
  <datafield tag="300" ind1=" " ind2=" ">
    <subfield code="a">189 p.</subfield>
  </datafield>
  <datafield tag="490" ind1="0" ind2=" ">
    <subfield code="a">Col&#xB7;lecci&#xF3; Dades</subfield>
    <subfield code="v">3</subfield>
  </datafield>
  <datafield tag="650" ind1="0" ind2="4">
    <subfield code="9">3756</subfield>
    <subfield code="a">R&#xE0;dio local</subfield>
    <subfield code="z">Catalunya</subfield>
  </datafield>
  <datafield tag="700" ind1="1" ind2=" ">
    <subfield code="9">4022</subfield>
    <subfield code="a">Escart&#xED;n Durb&#xE1;n, Josefina</subfield>
  </datafield>
  <datafield tag="700" ind1="1" ind2=" ">
    <subfield code="9">4023</subfield>
    <subfield code="a">Casado Latorre, Adolf</subfield>
  </datafield>
  <datafield tag="942" ind1=" " ind2=" ">
    <subfield code="c">MON</subfield>
    <subfield code="2">udc</subfield>
  </datafield>
  <datafield tag="999" ind1=" " ind2=" ">
    <subfield code="c">1159</subfield>
    <subfield code="d">1159</subfield>
  </datafield>
  <datafield tag="952" ind1=" " ind2=" ">
    <subfield code="0">0</subfield>
    <subfield code="1">0</subfield>
    <subfield code="4">0</subfield>
    <subfield code="7">0</subfield>
    <subfield code="a">CDMR</subfield>
    <subfield code="b">CDMR</subfield>
    <subfield code="d">2013-01-16</subfield>
    <subfield code="l">1</subfield>
    <subfield code="o">Eu /5</subfield>
    <subfield code="p">CDMR13107885L</subfield>
    <subfield code="r">2014-02-19</subfield>
    <subfield code="s">2014-01-24</subfield>
    <subfield code="w">2013-01-16</subfield>
    <subfield code="y">MON</subfield>
  </datafield>
  <datafield tag="952" ind1=" " ind2=" ">
    <subfield code="0">0</subfield>
    <subfield code="1">0</subfield>
    <subfield code="4">0</subfield>
    <subfield code="7">0</subfield>
    <subfield code="a">GIRONA</subfield>
    <subfield code="b">GIRONA</subfield>
    <subfield code="d">2010-12-03</subfield>
    <subfield code="l">0</subfield>
    <subfield code="o">Eu 1062</subfield>
    <subfield code="p">GIRONA15070104</subfield>
    <subfield code="r">2013-01-16</subfield>
    <subfield code="w">2013-01-16</subfield>
    <subfield code="y">MON</subfield>
  </datafield>
</record>
